000 00699nam a2200253Ia 4500
003 OSt
005 20220918202240.0
006 a|||||r|||| 00| 0
007 ta
008 220917b |||||||| |||| 00| 0 eng d
024 _a99,767
037 _cTextual
040 _aARTS
_cARTS
_beng
041 _2eng
_aeng
082 _aV2:72, K3
100 _aDani Ahmad Hasan
_94295
245 0 _aIndian palaeography
260 _aOxford
_bClarendon Press
_c1963
300 _axviii, 297p. 23 plates
_ccm.
500 _aIncludes bibliography; Appendix p273--289; Glossary of term
650 _aHISTORY
942 _hV2:72, K3
_cTEXL
_2CC
999 _c223333
_d223333